[Event "EU-ch 12th"]
[Site "Aix les Bains"]
[Date "2011.03.25"]
[Round "4"]
[White "Webb, Matthew"]
[Black "Depiesse, Jacques"]
[Result "1-0"]
[WhiteElo "2062"]
[BlackElo "1765"]
[PlyCount "67"]
[EventDate "2011.03.22"]
[EventType "swiss"]
[EventRounds "11"]
[EventCountry "FRA"]
[SourceTitle "CBM 142 Extra"]
[Source "ChessBase"]
[SourceDate "2011.06.27"]
[SourceVersion "1"]
[SourceVersionDate "2011.06.27"]
[SourceQuality "1"]

1. e4 d6 2. d4 Nf6 3. Nc3 g6 4. Be3 Bg7 5. Qd2 c6 6. f3 b5 7. h4 Nbd7 8. 0-0-0 a5 9. e5 Nh5 10. exd6 exd6 11. Bg5 f6 12. Re1+ Kf7 13. Ne4 Nb6 14. g4 d5 15. gxh5 dxe4 16. Bh6 exf3 17. Bxg7 Kxg7 18. h6+ Kf7 19. Nxf3 Bg4 20. Nh2 Be6 21. Bd3 Qd5 22. Rhf1 Qxa2 23. Qf4 Nd7 24. Nf3 Ke7 25. h5 Qa1+ 26. Kd2 Qxb2 27. hxg6 hxg6 28. Nh4 Qb4+ 29. c3 Qb2+ 30. Bc2 Rag8 31. Rxe6+ Kxe6 32. Rb1 Qa2 33. Re1+ Kf7 34. Qd6 1-0